كتاب جمهرة اللغة / (Record no. 179730)

MARC details
000 -LEADER
fixed length control field 01221namaa22003011i 4500
003 - CONTROL NUMBER IDENTIFIER
control field EG-GICUC
005 - DATE AND TIME OF LATEST TRANSACTION
control field 20260427124347.0
008 - FIXED-LENGTH DATA ELEMENTS--GENERAL INFORMATION
fixed length control field 260426s199u ua ||||jr|||d 001 0 ara d
040 ## - CATALOGING SOURCE
Original cataloging agency EG-GiCUC
Language of cataloging ara
Transcribing agency EG-GiCUC
Modifying agency EG-GiCUC
Description conventions rda
082 04 - DEWEY DECIMAL CLASSIFICATION NUMBER
Edition number 21
Classification number 413
Item number A992 199-
092 04 - LOCALLY ASSIGNED DEWEY CALL NUMBER (OCLC)
Edition number 21
Classification number 413
Item number A992 199-
099 ## - LOCAL FREE-TEXT CALL NUMBER (OCLC)
Classification number 413 A992 199-
100 1# - MAIN ENTRY--PERSONAL NAME
Personal name الازدى البصرى، ابن دريد ابى بكر محمد بن الحسن،
Dates associated with a name 933.
Relator term مؤلف.
245 12 - TITLE STATEMENT
Title كتاب جمهرة اللغة /
Statement of responsibility, etc. لابن دريد ابى بكر محمد بن الحسن الازدى البصرى المتوفى سنة 321هـ
246 10 - VARYING FORM OF TITLE
Title proper/short title جمهرة اللغة
264 ## - PRODUCTION, PUBLICATION, DISTRIBUTION, MANUFACTURE, AND COPYRIGHT NOTICE
Place of production, publication, distribution, manufacture [القاهرة] :
Name of producer, publisher, distributor, manufacturer مكتبة الثقافة الدينية،
Date of production, publication, distribution, manufacture, or copyright notice [199-].
300 ## - PHYSICAL DESCRIPTION
Extent 4مجلدات
Other physical details ؛
Dimensions 24 سم
336 ## - CONTENT TYPE
Source rdacontent
Content type term text
337 ## - MEDIA TYPE
Source rdamedia
Media type term Unmediated
338 ## - CARRIER TYPE
Source rdacarrier
Carrier type term volume
504 ## - BIBLIOGRAPHY, ETC. NOTE
Bibliography, etc. note يشتمل على ارجاعات ببلوجرافية وكشافات.
541 ## - IMMEDIATE SOURCE OF ACQUISITION NOTE
Source of acquisition د. جابر عصفور ؛
Address القاهرة ؛
Method of acquisition إهداء ؛
Date of acquisition 2024.
650 17 - SUBJECT ADDED ENTRY--TOPICAL TERM
Topical term or geographic name entry element اللغة، علم
Source of heading or term qrmak
650 17 - SUBJECT ADDED ENTRY--TOPICAL TERM
Topical term or geographic name entry element اللغة العربية
General subdivision معاجم
Source of heading or term qrmak
651 1# - SUBJECT ADDED ENTRY--GEOGRAPHIC NAME
Source of heading or term qrmak
905 ## - Cataloger and Reviser Names
Cataloger Name Noha
942 ## - ADDED ENTRY ELEMENTS (KOHA)
Source of classification or shelving scheme Dewey Decimal Classification
Koha item type Reference
Edition 21
Suppress in OPAC No
Holdings
Withdrawn status Lost status Source of classification or shelving scheme Damaged status Not for loan Home library Current library Date acquired Inventory number Total checkouts Full call number Barcode Date last seen Price effective from Koha item type
    Dewey Decimal Classification   Not for loan المكتبة المركزبة الجديدة - جامعة القاهرة قاعة المكتبات المهداة - الدور الرابع 26.04.2026 175263   413 A992 199- v.1 Ref. J.u. 01000100175263001 26.04.2026 26.04.2026 Reference
    Dewey Decimal Classification   Not for loan المكتبة المركزبة الجديدة - جامعة القاهرة قاعة المكتبات المهداة - الدور الرابع 26.04.2026 175263   413 A992 199- v.2 Ref. J.u. 01000100175263002 26.04.2026 26.04.2026 Reference
    Dewey Decimal Classification   Not for loan المكتبة المركزبة الجديدة - جامعة القاهرة قاعة المكتبات المهداة - الدور الرابع 26.04.2026 175263   413 A992 199- v.3 Ref. J.u. 01000100175263003 26.04.2026 26.04.2026 Reference
    Dewey Decimal Classification   Not for loan المكتبة المركزبة الجديدة - جامعة القاهرة قاعة المكتبات المهداة - الدور الرابع 26.04.2026 175263   413 A992 199- v.4 Index Ref. J.u. 01000100175263004 26.04.2026 26.04.2026 Reference
Cairo University Libraries Portal Implemented & Customized by: Eng. M. Mohamady Contacts: new-lib@cl.cu.edu.eg | cnul@cl.cu.edu.eg
CUCL logo CNUL logo
© All rights reserved — Cairo University Libraries
CUCL logo
Implemented & Customized by: Eng. M. Mohamady Contact: new-lib@cl.cu.edu.eg © All rights reserved — New Central Library
CNUL logo
Implemented & Customized by: Eng. M. Mohamady Contact: cnul@cl.cu.edu.eg © All rights reserved — Cairo National University Library